BSOP header

A history of the modern church from 1500 to the present day. (Record no. 41336)

MARC details
000 -LEADER
fixed length control field 00691nam a22002294 4500
001 - CONTROL NUMBER
control field 1477249
003 - CONTROL NUMBER IDENTIFIER
control field OCoLC
005 - DATE AND TIME OF LATEST TRANSACTION
control field 20180411155802.0
008 - FIXED-LENGTH DATA ELEMENTS--GENERAL INFORMATION
fixed length control field 750725s1930 xx - a000 0 eng u
010 ## - LIBRARY OF CONGRESS CONTROL NUMBER
LC control number 30025133 /*
040 ## - CATALOGING SOURCE
Original cataloging agency TxHU
Language of cataloging eng
Description conventions rda
Transcribing agency ITD
Modifying agency TXH
049 ## - LOCAL HOLDINGS (OCLC)
Holding library TXHU
100 1# - MAIN ENTRY--PERSONAL NAME
Personal name Wand, J. W. C.
Fuller form of name (John William Charles),
Dates associated with a name 1885-1977.
245 12 - TITLE STATEMENT
Title A history of the modern church from 1500 to the present day.
264 #1 - PRODUCTION, PUBLICATION, DISTRIBUTION, MANUFACTURE STATEMENTS
Place of production, publication, distribution, manufacture London :
Name of producer, publisher, distributor, manufacturer <a href="Methuen,">Methuen,</a>
Date of production, publication, distribution, manufacture 1961.
300 ## - PHYSICAL DESCRIPTION
Extent 314 pages :
Other physical details maps.
Dimensions 20 cm.
336 ## - CONTENT TYPE
Content Type Term text
Content Type Code txt
Source rdacontent.
337 ## - MEDIA TYPE
Media Type Term unmediated
Media Type Code n
Source rdamedia.
338 ## - CARRIER TYPE
Carrier Type Term volume
Carrier Type Code nc
Source rdacarrier.
650 #0 - SUBJECT ADDED ENTRY--TOPICAL TERM
Topical term or geographic name as entry element Church history
Chronological subdivision Modern period.
942 ## - ADDED ENTRY ELEMENTS (KOHA)
Source of classification or shelving scheme Library of Congress Classification
Item type Books
Holdings
Withdrawn status Lost status Source of classification or shelving scheme Damaged status Not for loan Home library Current library Shelving location Date acquired Source of acquisition Inventory number Total Checkouts Full call number Barcode Date last seen Price effective from Koha item type
    Library of Congress Classification     BSOP Library BSOP Library GC 04/11/2018   40355   BR290 W18 1961 00051355 04/11/2018 04/11/2018 Books
BSOP

Biblical Seminary of the Philippines
  All rights Reserved
  © 2024

CONTACT INFORMATION

Biblical Seminary of the Philippines,
  77-B Karuhatan Road, Valenzuela City,
  PHILIPPINES 1441
  Phone: +632 8292-6795 / 8292-6798
  Fax : +632 8292-6675
  Email: library@bsop.edu.ph